[Event "Team men HL 2016"]
[Site "Sochi"]
[Date "2016.05.02"]
[Round "2.2"]
[White "Volkov, Sergey"]
[Black "Belyakov, Bogdan"]
[Result "1-0"]
[LiveChessVersion "1.4.4"]
[BlackElo "2493"]
[WhiteElo "2611"]

1. d4 {[%clk 1:30:52]} Nf6 {[%clk 1:30:46]} 2. c4 {[%clk 1:31:12]} g6
{[%clk 1:31:13]} 3. Nc3 {[%clk 1:31:29]} Bg7 {[%clk 1:31:38]} 4. e4
{[%clk 1:31:50]} d6 {[%clk 1:32:02]} 5. Be2 {[%clk 1:32:13]} O-O {[%clk 1:32:24]}
6. Nf3 {[%clk 1:32:34]} e5 {[%clk 1:32:49]} 7. Be3 {[%clk 1:32:54]} Ng4
{[%clk 1:32:35]} 8. Bg5 {[%clk 1:33:15]} f6 {[%clk 1:33:00]} 9. Bh4
{[%clk 1:33:38]} g5 {[%clk 1:32:32]} 10. Bg3 {[%clk 1:34:00]} Nh6
{[%clk 1:32:55]} 11. h3 {[%clk 1:34:11]} Nd7 {[%clk 1:29:33]} 12. O-O
{[%clk 1:26:51]} Kh8 {[%clk 1:21:37]} 13. Qd2 {[%clk 1:22:12]} a5
{[%clk 1:14:30]} 14. Rad1 {[%clk 1:21:15]} Ng8 {[%clk 1:05:52]} 15. Nb5
{[%clk 1:16:12]} exd4 {[%clk 0:56:53]} 16. Nfxd4 {[%clk 1:14:13]} Nc5
{[%clk 0:55:53]} 17. Qc2 {[%clk 1:11:15]} Nh6 {[%clk 0:46:17]} 18. f4
{[%clk 1:05:09]} Qe7 {[%clk 0:29:01]} 19. Bf3 {[%clk 0:51:01]} g4
{[%clk 0:25:52]} 20. hxg4 {[%clk 0:50:51]} Bxg4 {[%clk 0:25:14]} 21. f5
{[%clk 0:48:42]} Rg8 {[%clk 0:22:25]} 22. Nc3 {[%clk 0:45:53]} c6
{[%clk 0:17:21]} 23. Nb3 {[%clk 0:42:37]} Bxf3 {[%clk 0:15:42]} 24. gxf3
{[%clk 0:40:09]} Nxf5 {[%clk 0:09:19]} 25. exf5 {[%clk 0:39:47]} Bh6
{[%clk 0:09:46]} 26. Ne2 {[%clk 0:38:20]} Nxb3 {[%clk 0:07:56]} 27. axb3
{[%clk 0:38:29]} Rae8 {[%clk 0:07:43]} 28. Rf2 {[%clk 0:36:45]} Be3
{[%clk 0:05:28]} 29. Kf1 {[%clk 0:36:53]} Bc5 {[%clk 0:01:02]} 30. Rh2
{[%clk 0:33:06]} Qe3 {[%clk 0:00:51]} 31. Qd3 {[%clk 0:26:46]} Qg5
{[%clk 0:00:49]} 32. Bf2 {[%clk 0:25:05]} Bxf2 {[%clk 0:00:47]} 33. Kxf2
{[%clk 0:24:17]} Rg7 {[%clk 0:00:45]} 34. f4 {[%clk 0:21:48]} Qg4
{[%clk 0:00:38]} 35. Qf3 {[%clk 0:21:32]} Qxf5 {[%clk 0:00:55]} 36. Nd4
{[%clk 0:21:37]} Qc5 {[%clk 0:01:09]} 37. Qh5 {[%clk 0:20:00]} Rge7
{[%clk 0:00:44]} 38. Qxc5 {[%clk 0:18:53]} dxc5 {[%clk 0:01:08]} 39. Nf5
{[%clk 0:18:37]} Re2+ {[%clk 0:01:35]} 40. Kg3 {[%clk 0:48:36]} Rg8+
{[%clk 0:31:42]} 41. Kh3 {[%clk 0:49:02]} Re4 {[%clk 0:31:45]} 42. Nh6
{[%clk 0:45:25]} Rf8 {[%clk 0:27:58]} 43. Kg4 {[%clk 0:44:51]} Re3
{[%clk 0:28:01]} 44. Kf5 {[%clk 0:44:50]} Rxb3 {[%clk 0:27:28]} 45. Rg2
{[%clk 0:44:55]} 1-0

[Event "Team men HL 2016"]
[Site "Sochi"]
[Date "2016.05.02"]
[Round "2.3"]
[White "Savitskiy, Sergey"]
[Black "Kryakvin, Dmitry"]
[Result "0-1"]
[LiveChessVersion "1.4.4"]
[BlackElo "2532"]
[WhiteElo "2401"]

1. e4 {[%clk 1:30:42]} c6 {[%clk 1:30:38]} 2. d4 {[%clk 1:28:44]} d5
{[%clk 1:31:01]} 3. Nc3 {[%clk 1:29:06]} dxe4 {[%clk 1:31:26]} 4. Nxe4
{[%clk 1:29:23]} Bf5 {[%clk 1:31:52]} 5. Ng3 {[%clk 1:29:42]} Bg6
{[%clk 1:32:18]} 6. Nf3 {[%clk 1:27:54]} Nd7 {[%clk 1:31:55]} 7. h4
{[%clk 1:27:57]} h6 {[%clk 1:32:20]} 8. h5 {[%clk 1:27:44]} Bh7 {[%clk 1:32:45]}
9. Bd3 {[%clk 1:27:49]} Bxd3 {[%clk 1:33:09]} 10. Qxd3 {[%clk 1:28:10]} e6
{[%clk 1:33:35]} 11. Bd2 {[%clk 1:26:52]} Ngf6 {[%clk 1:33:56]} 12. O-O-O
{[%clk 1:27:10]} Be7 {[%clk 1:34:23]} 13. Kb1 {[%clk 1:26:22]} Rc8
{[%clk 1:31:10]} 14. Qe2 {[%clk 1:15:41]} O-O {[%clk 1:26:52]} 15. Ne5
{[%clk 1:14:54]} c5 {[%clk 1:24:52]} 16. Nxd7 {[%clk 1:03:05]} Qxd7
{[%clk 1:23:07]} 17. dxc5 {[%clk 0:52:09]} Qc6 {[%clk 1:21:47]} 18. Bc3
{[%clk 0:40:27]} Nd5 {[%clk 1:15:29]} 19. Be5 {[%clk 0:40:36]} Qxc5
{[%clk 1:11:18]} 20. Ne4 {[%clk 0:36:23]} Qc4 {[%clk 1:09:36]} 21. Rhe1
{[%clk 0:31:22]} Qxe2 {[%clk 1:02:00]} 22. Rxe2 {[%clk 0:30:59]} Rfd8
{[%clk 1:02:11]} 23. Ree1 {[%clk 0:15:34]} b5 {[%clk 0:59:24]} 24. g4
{[%clk 0:13:42]} a6 {[%clk 0:54:19]} 25. f3 {[%clk 0:07:45]} Bh4 {[%clk 0:51:54]}
26. Rh1 {[%clk 0:07:49]} Bg5 {[%clk 0:49:38]} 27. Nxg5 {[%clk 0:05:07]} hxg5
{[%clk 0:49:57]} 28. Bg3 {[%clk 0:03:31]} f6 {[%clk 0:45:55]} 29. Rd3
{[%clk 0:03:00]} Nb4 {[%clk 0:45:57]} 30. Rxd8+ {[%clk 0:03:25]} Rxd8
{[%clk 0:46:24]} 31. c3 {[%clk 0:03:27]} Nd5 {[%clk 0:45:47]} 32. Re1
{[%clk 0:03:53]} Kf7 {[%clk 0:44:54]} 33. Kc2 {[%clk 0:04:01]} e5
{[%clk 0:41:04]} 34. Bf2 {[%clk 0:04:00]} Rc8 {[%clk 0:39:11]} 35. Kb3
{[%clk 0:01:53]} Rb8 {[%clk 0:35:26]} 36. Kc2 {[%clk 0:02:02]} Rc8
{[%clk 0:30:17]} 37. Kb3 {[%clk 0:01:50]} Rb8 {[%clk 0:28:33]} 38. Rd1
{[%clk 0:01:50]} Ke6 {[%clk 0:28:04]} 39. Kc2 {[%clk 0:01:43]} Rc8
{[%clk 0:27:42]} 40. Kb3 {[%clk 0:30:37]} Rc4 {[%clk 0:55:36]} 41. Bg3
{[%clk 0:29:59]} a5 {[%clk 0:51:09]} 42. Re1 {[%clk 0:29:02]} a4+
{[%clk 0:46:51]} 43. Ka3 {[%clk 0:26:46]} Kd6 {[%clk 0:43:08]} 44. Re4
{[%clk 0:23:43]} Rxe4 {[%clk 0:30:41]} 45. fxe4 {[%clk 0:24:07]} Ne3
{[%clk 0:31:08]} 46. Kb4 {[%clk 0:24:20]} Kc6 {[%clk 0:31:33]} 47. Bf2
{[%clk 0:24:06]} Nxg4 {[%clk 0:31:57]} 48. Bc5 {[%clk 0:24:24]} f5
{[%clk 0:28:25]} 49. exf5 {[%clk 0:20:00]} Nf6 {[%clk 0:28:12]} 50. c4
{[%clk 0:18:55]} bxc4 {[%clk 0:28:00]} 51. Kxc4 {[%clk 0:16:25]} Nxh5
{[%clk 0:27:42]} 52. b4 {[%clk 0:16:50]} axb3 {[%clk 0:22:01]} 53. axb3
{[%clk 0:17:13]} g4 {[%clk 0:20:01]} 54. b4 {[%clk 0:17:33]} g3 {[%clk 0:18:46]}
55. b5+ {[%clk 0:17:45]} Kb7 {[%clk 0:15:42]} 56. Kd5 {[%clk 0:13:48]} Nf6+
{[%clk 0:14:39]} 57. Kxe5 {[%clk 0:14:05]} Nd7+ {[%clk 0:15:00]} 58. Kf4
{[%clk 0:14:32]} Nxc5 {[%clk 0:15:22]} 59. Kxg3 {[%clk 0:14:57]} Nd7
{[%clk 0:14:11]} 60. Kf4 {[%clk 0:15:04]} Kb6 {[%clk 0:09:35]} 61. Ke4
{[%clk 0:14:11]} Kc5 {[%clk 0:09:46]} 62. b6 {[%clk 0:12:18]} Nxb6
{[%clk 0:09:16]} 63. Ke5 {[%clk 0:12:40]} Nc4+ {[%clk 0:08:57]} 0-1

[Event "Team men HL 2016"]
[Site "Sochi"]
[Date "2016.05.02"]
[Round "2.4"]
[White "Shariyazdanov, Andrey"]
[Black "Sergeyev, Alexander"]
[Result "1-0"]
[LiveChessVersion "1.4.4"]
[BlackElo "2388"]
[WhiteElo "2527"]

1. Nf3 {[%clk 1:30:52]} Nf6 {[%clk 1:30:41]} 2. c4 {[%clk 1:30:40]} c6
{[%clk 1:31:02]} 3. e3 {[%clk 1:30:57]} d5 {[%clk 1:31:18]} 4. Nc3
{[%clk 1:31:19]} g6 {[%clk 1:31:18]} 5. d4 {[%clk 1:31:16]} Bg7 {[%clk 1:31:38]}
6. cxd5 {[%clk 1:31:36]} cxd5 {[%clk 1:31:41]} 7. Bb5+ {[%clk 1:31:54]} Nc6
{[%clk 1:30:37]} 8. Ne5 {[%clk 1:31:50]} Qd6 {[%clk 1:20:48]} 9. f4
{[%clk 1:19:00]} O-O {[%clk 1:20:35]} 10. O-O {[%clk 1:18:37]} Bf5
{[%clk 1:12:30]} 11. g4 {[%clk 1:14:31]} Bd7 {[%clk 1:08:26]} 12. Bd2
{[%clk 1:14:05]} Qe6 {[%clk 1:02:16]} 13. Nxd7 {[%clk 1:00:15]} Qxd7
{[%clk 1:01:05]} 14. h3 {[%clk 1:00:01]} a6 {[%clk 0:57:07]} 15. Bd3
{[%clk 0:57:10]} Rfd8 {[%clk 0:53:09]} 16. Rc1 {[%clk 0:51:06]} b5
{[%clk 0:39:20]} 17. Be1 {[%clk 0:44:21]} Qb7 {[%clk 0:35:23]} 18. Qf3
{[%clk 0:37:09]} Rd7 {[%clk 0:30:10]} 19. g5 {[%clk 0:33:22]} Nb4
{[%clk 0:26:54]} 20. Bb1 {[%clk 0:31:28]} Ne8 {[%clk 0:26:21]} 21. a3
{[%clk 0:31:30]} Nc6 {[%clk 0:26:22]} 22. Nxd5 {[%clk 0:30:56]} Nxd4
{[%clk 0:22:28]} 23. exd4 {[%clk 0:31:00]} Rxd5 {[%clk 0:22:20]} 24. Be4
{[%clk 0:30:51]} Rad8 {[%clk 0:22:25]} 25. Bf2 {[%clk 0:30:01]} e6
{[%clk 0:21:44]} 26. Bxd5 {[%clk 0:28:23]} exd5 {[%clk 0:21:44]} 27. f5
{[%clk 0:27:44]} Nd6 {[%clk 0:21:43]} 28. f6 {[%clk 0:26:46]} Bf8
{[%clk 0:21:07]} 29. Rc2 {[%clk 0:26:31]} Ne4 {[%clk 0:18:40]} 30. h4
{[%clk 0:25:46]} b4 {[%clk 0:18:35]} 31. axb4 {[%clk 0:24:44]} Qxb4
{[%clk 0:18:37]} 32. Ra1 {[%clk 0:23:06]} Qb6 {[%clk 0:17:05]} 33. Rac1
{[%clk 0:23:03]} Rb8 {[%clk 0:17:07]} 34. Be3 {[%clk 0:22:52]} a5
{[%clk 0:16:39]} 35. h5 {[%clk 0:20:00]} Qb3 {[%clk 0:14:51]} 36. hxg6
{[%clk 0:19:44]} hxg6 {[%clk 0:15:17]} 37. Kg2 {[%clk 0:19:12]} Re8
{[%clk 0:13:33]} 38. Re2 {[%clk 0:17:35]} Qb5 {[%clk 0:13:01]} 39. Bf4
{[%clk 0:15:27]} a4 {[%clk 0:08:45]} 40. Rec2 {[%clk 0:43:35]} a3
{[%clk 0:32:46]} 41. bxa3 {[%clk 0:39:01]} Qa4 {[%clk 0:31:27]} 42. Qd3
{[%clk 0:39:01]} Qd7 {[%clk 0:31:24]} 43. Qh3 {[%clk 0:38:02]} Qa4
{[%clk 0:21:48]} 44. Rc8 {[%clk 0:36:52]} Nd2 {[%clk 0:07:37]} 45. Bxd2
{[%clk 0:34:58]} Re2+ {[%clk 0:07:42]} 46. Kf1 {[%clk 0:29:05]} Re1+
{[%clk 0:04:51]} 47. Rxe1 {[%clk 0:29:18]} Qa6+ {[%clk 0:04:57]} 48. Rc4
{[%clk 0:29:43]} Qxc4+ {[%clk 0:04:37]} 49. Kg2 {[%clk 0:29:16]} Qxd4
{[%clk 0:04:40]} 50. Re2 {[%clk 0:29:32]} Qc4 {[%clk 0:04:38]} 51. Qf3
{[%clk 0:29:46]} Bxa3 {[%clk 0:04:37]} 52. Re8+ {[%clk 0:29:49]} Bf8
{[%clk 0:04:54]} 53. Qe2 {[%clk 0:29:48]} Qa4 {[%clk 0:03:03]} 54. Kg3
{[%clk 0:28:10]} d4 {[%clk 0:01:33]} 55. Qe7 {[%clk 0:28:02]} Qb3+
{[%clk 0:01:31]} 56. Kh4 {[%clk 0:28:18]} Kh7 {[%clk 0:01:42]} 57. Rxf8
{[%clk 0:28:13]} d3 {[%clk 0:00:00]} 1-0

[Event "Team men HL 2016"]
[Site "Sochi"]
[Date "2016.05.02"]
[Round "2.5"]
[White "Nikolenko, Oleg"]
[Black "Khismatullin, Denis"]
[Result "0-1"]
[LiveChessVersion "1.4.4"]
[BlackElo "2609"]
[WhiteElo "2505"]

1. e4 {[%clk 1:30:55]} c5 {[%clk 1:30:56]} 2. Nf3 {[%clk 1:31:16]} d6
{[%clk 1:31:14]} 3. Nc3 {[%clk 1:31:31]} Nf6 {[%clk 1:30:48]} 4. e5
{[%clk 1:31:45]} dxe5 {[%clk 1:31:13]} 5. Nxe5 {[%clk 1:32:05]} a6
{[%clk 1:30:37]} 6. g3 {[%clk 1:31:54]} Qd6 {[%clk 1:29:33]} 7. Nf3
{[%clk 1:31:14]} b5 {[%clk 1:23:02]} 8. Bg2 {[%clk 1:30:25]} Bb7 {[%clk 1:22:29]}
9. O-O {[%clk 1:30:18]} e6 {[%clk 1:21:23]} 10. Re1 {[%clk 1:22:58]} Nbd7
{[%clk 1:08:33]} 11. d3 {[%clk 1:17:03]} Be7 {[%clk 1:07:13]} 12. a4
{[%clk 1:14:05]} Qb6 {[%clk 1:02:07]} 13. b3 {[%clk 1:07:19]} O-O
{[%clk 1:01:30]} 14. Bb2 {[%clk 1:07:06]} c4 {[%clk 0:55:51]} 15. bxc4
{[%clk 1:04:26]} bxc4 {[%clk 0:55:50]} 16. Rb1 {[%clk 1:03:13]} Qc7
{[%clk 0:47:02]} 17. dxc4 {[%clk 1:01:33]} Rac8 {[%clk 0:40:30]} 18. Ba1
{[%clk 0:57:40]} Nb6 {[%clk 0:28:14]} 19. Ne5 {[%clk 0:41:07]} Bxg2
{[%clk 0:27:37]} 20. Kxg2 {[%clk 0:41:28]} Nxc4 {[%clk 0:27:17]} 21. Nxc4
{[%clk 0:40:57]} Qxc4 {[%clk 0:27:40]} 22. Qf3 {[%clk 0:40:42]} Rfd8
{[%clk 0:15:56]} 23. Ne4 {[%clk 0:37:33]} Nd5 {[%clk 0:15:59]} 24. Rb7
{[%clk 0:34:36]} Qc6 {[%clk 0:09:25]} 25. Ra7 {[%clk 0:25:45]} f6
{[%clk 0:02:48]} 26. c4 {[%clk 0:18:21]} Qxc4 {[%clk 0:02:27]} 27. Rxe7
{[%clk 0:12:25]} Nxe7 {[%clk 0:02:52]} 28. Nxf6+ {[%clk 0:12:23]} Kh8
{[%clk 0:02:02]} 29. Re4 {[%clk 0:05:46]} Qc6 {[%clk 0:02:16]} 30. Nh5
{[%clk 0:04:57]} Nf5 {[%clk 0:01:08]} 31. Kh3 {[%clk 0:03:47]} Qd7
{[%clk 0:00:43]} 32. Qg4 {[%clk 0:00:52]} Qf7 {[%clk 0:00:38]} 33. Nf4
{[%clk 0:00:42]} Rc6 {[%clk 0:00:38]} 34. Qe2 {[%clk 0:00:47]} Re8
{[%clk 0:00:42]} 35. g4 {[%clk 0:00:40]} Nd6 {[%clk 0:00:43]} 36. Nh5
{[%clk 0:00:50]} Nxe4 {[%clk 0:00:44]} 37. Qxe4 {[%clk 0:01:10]} Rec8
{[%clk 0:00:40]} 38. Bxg7+ {[%clk 0:01:12]} Kg8 {[%clk 0:01:07]} 39. Bb2
{[%clk 0:01:12]} Rc4 {[%clk 0:00:59]} 40. Qe5 {[%clk 0:30:50]} Qf3+
{[%clk 0:30:59]} 41. Ng3 {[%clk 0:30:13]} Qxg4+ {[%clk 0:28:27]} 42. Kg2
{[%clk 0:27:02]} Qg6 {[%clk 0:27:41]} 43. h4 h5 {[%clk 0:25:16]} 44. f3
{[%clk 0:24:27]} Kh7 {[%clk 0:24:19]} 0-1

[Event "Team men HL 2016"]
[Site "Sochi"]
[Date "2016.05.02"]
[Round "2.6"]
[White "Bernadskiy, Vitaliy"]
[Black "Sychev, Klementy"]
[Result "1/2-1/2"]
[LiveChessVersion "1.4.4"]
[BlackElo "2419"]
[WhiteElo "2526"]

1. d4 {[%clk 1:30:56]} Nf6 {[%clk 1:30:51]} 2. c4 {[%clk 1:31:21]} g6
{[%clk 1:31:11]} 3. Nc3 {[%clk 1:31:42]} d5 {[%clk 1:31:30]} 4. cxd5
{[%clk 1:32:02]} Nxd5 {[%clk 1:31:53]} 5. e4 {[%clk 1:32:27]} Nxc3
{[%clk 1:32:16]} 6. bxc3 {[%clk 1:32:55]} c5 {[%clk 1:31:38]} 7. Bc4
{[%clk 1:31:05]} Bg7 {[%clk 1:31:23]} 8. Ne2 {[%clk 1:31:29]} Nc6
{[%clk 1:31:47]} 9. Be3 {[%clk 1:31:55]} O-O {[%clk 1:32:06]} 10. Rc1
{[%clk 1:32:10]} cxd4 {[%clk 1:25:41]} 11. cxd4 {[%clk 1:32:38]} Qa5+
{[%clk 1:25:59]} 12. Kf1 {[%clk 1:32:47]} Bd7 {[%clk 1:22:15]} 13. h4
{[%clk 1:31:27]} Rfc8 {[%clk 1:05:11]} 14. h5 {[%clk 1:29:46]} Nd8
{[%clk 1:01:06]} 15. hxg6 {[%clk 1:27:34]} hxg6 {[%clk 1:01:25]} 16. f3
{[%clk 1:26:33]} Bb5 {[%clk 0:58:01]} 17. Bxb5 {[%clk 1:19:12]} Qxb5
{[%clk 0:46:11]} 18. Kf2 {[%clk 1:15:14]} Rxc1 {[%clk 0:45:45]} 19. Qxc1
{[%clk 1:15:23]} Nc6 {[%clk 0:45:56]} 20. Qb1 {[%clk 1:08:19]} a6
{[%clk 0:40:40]} 21. a4 {[%clk 1:05:40]} Qxb1 {[%clk 0:28:01]} 22. Rxb1
{[%clk 1:05:38]} b5 {[%clk 0:28:07]} 23. axb5 {[%clk 1:05:10]} axb5
{[%clk 0:28:32]} 24. Rxb5 {[%clk 1:05:04]} Ra2 {[%clk 0:28:27]} 25. e5
{[%clk 1:00:13]} e6 {[%clk 0:27:53]} 26. f4 {[%clk 0:58:29]} Bf8 {[%clk 0:19:06]}
27. Rb3 {[%clk 0:53:20]} Nb4 {[%clk 0:19:26]} 28. Kf3 {[%clk 0:53:24]} Nd5
{[%clk 0:17:50]} 29. Nc3 {[%clk 0:52:25]} Nxc3 {[%clk 0:18:01]} 30. Rxc3
{[%clk 0:52:53]} Bb4 {[%clk 0:17:36]} 31. Rc8+ {[%clk 0:48:25]} Kg7
{[%clk 0:18:04]} 32. Bf2 {[%clk 0:48:04]} Be7 {[%clk 0:17:53]} 33. Re8
{[%clk 0:47:56]} Ra3+ {[%clk 0:16:46]} 34. Kg4 {[%clk 0:44:21]} Ra2
{[%clk 0:16:19]} 35. Rxe7 {[%clk 0:27:30]} Rxf2 {[%clk 0:16:34]} 36. g3
{[%clk 0:28:00]} Rd2 {[%clk 0:14:39]} 37. Rd7 {[%clk 0:25:04]} Rd3
{[%clk 0:15:03]} 38. Kh4 {[%clk 0:24:25]} g5+ {[%clk 0:05:10]} 39. Kxg5
{[%clk 0:15:53]} Rxg3+ {[%clk 0:05:31]} 40. Kh4 {[%clk 0:46:22]} Rg1
{[%clk 0:31:37]} 41. f5 {[%clk 0:38:04]} exf5 {[%clk 0:30:16]} 42. d5
{[%clk 0:38:20]} Kg6 {[%clk 0:13:56]} 43. Rd8 {[%clk 0:33:19]} Rg4+
{[%clk 0:07:56]} 44. Kh3 {[%clk 0:33:46]} Rd4 {[%clk 0:05:24]} 45. Kg3
{[%clk 0:25:53]} f4+ {[%clk 0:05:39]} 46. Kg4 {[%clk 0:25:52]} f3+
{[%clk 0:06:01]} 47. Kxf3 {[%clk 0:25:44]} Kf5 {[%clk 0:06:27]} 48. Ke3
{[%clk 0:24:55]} Rd1 {[%clk 0:06:47]} 49. Ke2 {[%clk 0:24:04]} Rd4
{[%clk 0:07:13]} 50. Ke3 {[%clk 0:24:29]} Rd1 {[%clk 0:07:40]} 51. Ke4+
{[%clk 0:24:23]} Kxe5+ {[%clk 0:07:40]} 1/2-1/2

[Event "Team men HL 2016"]
[Site "Sochi"]
[Date "2016.05.02"]
[Round "2.7"]
[White "Ulko, Jaroslav"]
[Black "Yuffa, Daniil"]
[Result "1/2-1/2"]
[LiveChessVersion "1.4.4"]
[BlackElo "2503"]
[WhiteElo "2441"]

1. d4 {[%clk 1:30:57]} Nf6 {[%clk 1:29:57]} 2. Nf3 {[%clk 1:31:18]} e6
{[%clk 1:30:22]} 3. e3 {[%clk 1:30:19]} b6 {[%clk 1:29:58]} 4. Bd3
{[%clk 1:30:43]} Bb7 {[%clk 1:30:21]} 5. O-O {[%clk 1:31:07]} c5 {[%clk 1:29:21]}
6. c4 {[%clk 1:31:26]} Be7 {[%clk 1:26:20]} 7. Nc3 {[%clk 1:31:46]} cxd4
{[%clk 1:25:40]} 8. exd4 {[%clk 1:32:10]} d6 {[%clk 1:25:40]} 9. d5
{[%clk 1:30:06]} e5 {[%clk 1:25:34]} 10. Ng5 {[%clk 1:26:53]} Nbd7
{[%clk 1:20:59]} 11. f4 {[%clk 1:26:39]} O-O {[%clk 1:14:52]} 12. Qc2
{[%clk 0:55:13]} h6 {[%clk 1:09:07]} 13. Nf3 {[%clk 0:55:25]} Rc8
{[%clk 1:05:52]} 14. fxe5 {[%clk 0:52:24]} Nxe5 {[%clk 0:57:59]} 15. Nxe5
{[%clk 0:52:22]} dxe5 {[%clk 0:58:25]} 16. Qe2 {[%clk 0:51:59]} Bc5+
{[%clk 0:46:53]} 17. Kh1 {[%clk 0:47:31]} Bd4 {[%clk 0:47:05]} 18. Ne4
{[%clk 0:44:42]} Nh7 {[%clk 0:44:13]} 19. Qg4 {[%clk 0:37:00]} Rc7
{[%clk 0:39:55]} 20. Ng3 {[%clk 0:08:56]} Bc8 {[%clk 0:35:26]} 21. Nf5
{[%clk 0:08:42]} Bxf5 {[%clk 0:32:55]} 22. Rxf5 {[%clk 0:09:08]} Nf6
{[%clk 0:29:53]} 23. Qg3 {[%clk 0:07:52]} Kh8 {[%clk 0:29:22]} 24. Rb1
{[%clk 0:02:07]} e4 {[%clk 0:25:33]} 25. Be2 {[%clk 0:02:30]} Qc8
{[%clk 0:21:43]} 26. Rf1 {[%clk 0:02:50]} Rxc4 {[%clk 0:19:43]} 27. Bxc4
{[%clk 0:03:12]} Qxc4 {[%clk 0:20:10]} 28. Be3 {[%clk 0:01:24]} Bxe3
{[%clk 0:14:59]} 29. Qxe3 {[%clk 0:01:49]} Qxd5 {[%clk 0:11:42]} 30. Rbd1
{[%clk 0:00:35]} Qxa2 {[%clk 0:09:52]} 31. Rxf6 {[%clk 0:00:37]} gxf6
{[%clk 0:10:15]} 32. Qxh6+ {[%clk 0:01:04]} Kg8 {[%clk 0:10:40]} 33. Qxf6
{[%clk 0:01:27]} Qe6 {[%clk 0:09:13]} 34. Qg5+ {[%clk 0:00:33]} Qg6
{[%clk 0:08:35]} 35. Qe5 {[%clk 0:00:43]} Qe6 {[%clk 0:05:29]} 36. Qg5+
{[%clk 0:01:03]} Qg6 {[%clk 0:05:56]} 37. Qe5 {[%clk 0:01:30]} Qg7
{[%clk 0:05:14]} 38. Qxe4 {[%clk 0:01:31]} Qxb2 {[%clk 0:05:35]} 39. h3
{[%clk 0:01:50]} Qf6 {[%clk 0:05:39]} 40. Qg4+ {[%clk 0:31:46]} Qg6
{[%clk 0:34:17]} 41. Qd7 {[%clk 0:31:33]} a5 {[%clk 0:31:39]} 42. Rd4
{[%clk 0:21:55]} f5 {[%clk 0:26:46]} 43. Rd6 {[%clk 0:20:17]} Qe8
{[%clk 0:26:54]} 44. Qc7 {[%clk 0:14:47]} Qe1+ {[%clk 0:27:07]} 45. Kh2
{[%clk 0:15:11]} Qe5+ {[%clk 0:27:31]} 46. Kh1 {[%clk 0:15:36]} Qe1+
{[%clk 0:27:10]} 47. Kh2 {[%clk 0:16:01]} Qe5+ {[%clk 0:27:36]} 48. Kh1
{[%clk 0:16:24]} Qe1+ {[%clk 0:27:44]} 1/2-1/2

[Event "Team men HL 2016"]
[Site "Sochi"]
[Date "2016.05.02"]
[Round "2.8"]
[White "Lugovskoy, Maxim"]
[Black "Saulin, Dmitri"]
[Result "0-1"]
[LiveChessVersion "1.4.4"]
[BlackElo "2390"]
[WhiteElo "2491"]

1. e4 {[%clk 1:30:58]} d5 {[%clk 1:30:47]} 2. exd5 {[%clk 1:30:38]} Nf6
{[%clk 1:31:12]} 3. Bb5+ {[%clk 1:29:49]} Bd7 {[%clk 1:31:29]} 4. Bc4
{[%clk 1:30:14]} Bg4 {[%clk 1:31:47]} 5. f3 {[%clk 1:30:39]} Bc8 {[%clk 1:32:01]}
6. Nc3 {[%clk 1:30:50]} Nbd7 {[%clk 1:32:24]} 7. Nge2 {[%clk 1:30:17]} Nb6
{[%clk 1:32:47]} 8. Bb3 {[%clk 1:30:41]} Nbxd5 {[%clk 1:33:11]} 9. Nxd5
{[%clk 1:30:58]} Nxd5 {[%clk 1:33:32]} 10. d4 {[%clk 1:31:17]} e6
{[%clk 1:33:52]} 11. O-O {[%clk 1:31:32]} Be7 {[%clk 1:34:11]} 12. c4
{[%clk 1:30:05]} Nf6 {[%clk 1:34:25]} 13. Be3 {[%clk 1:28:18]} O-O
{[%clk 1:31:59]} 14. Qe1 {[%clk 1:28:13]} a6 {[%clk 1:28:29]} 15. Bc2
{[%clk 1:21:04]} b5 {[%clk 1:28:37]} 16. b3 {[%clk 1:20:48]} bxc4
{[%clk 1:05:56]} 17. bxc4 {[%clk 1:21:12]} c5 {[%clk 1:06:23]} 18. Rd1
{[%clk 1:13:52]} cxd4 {[%clk 1:04:21]} 19. Nxd4 {[%clk 1:06:32]} Qc7
{[%clk 1:02:42]} 20. Qh4 {[%clk 1:04:14]} Bb7 {[%clk 0:52:17]} 21. g4
{[%clk 1:01:03]} h6 {[%clk 0:43:24]} 22. g5 {[%clk 0:48:21]} Nh7 {[%clk 0:41:12]}
23. f4 {[%clk 0:45:28]} Rad8 {[%clk 0:16:35]} 24. Qg4 {[%clk 0:35:09]} g6
{[%clk 0:11:39]} 25. gxh6 {[%clk 0:09:41]} Nf6 {[%clk 0:11:14]} 26. Qg3
{[%clk 0:10:03]} Kh8 {[%clk 0:08:13]} 27. h3 {[%clk 0:05:57]} Qxc4
{[%clk 0:06:15]} 28. Bd3 {[%clk 0:03:29]} Qa4 {[%clk 0:06:19]} 29. Bc2
{[%clk 0:03:23]} Qxa2 {[%clk 0:06:13]} 30. Rf2 {[%clk 0:02:29]} Qd5
{[%clk 0:04:34]} 31. Kh2 {[%clk 0:01:59]} Ne4 {[%clk 0:04:23]} 32. Bxe4
{[%clk 0:00:52]} Qxe4 {[%clk 0:04:51]} 33. f5 {[%clk 0:00:35]} Bh4
{[%clk 0:05:13]} 34. Qg4 {[%clk 0:00:34]} Qxg4 {[%clk 0:05:26]} 35. hxg4
{[%clk 0:00:59]} Bxf2 {[%clk 0:05:48]} 36. Bxf2 {[%clk 0:01:25]} e5
{[%clk 0:06:11]} 37. Rb1 {[%clk 0:01:28]} exd4 {[%clk 0:05:18]} 38. Rxb7
{[%clk 0:01:56]} gxf5 {[%clk 0:05:41]} 39. Bh4 {[%clk 0:01:36]} d3
{[%clk 0:03:30]} 40. Bf6+ {[%clk 0:30:31]} Kg8 {[%clk 0:33:57]} 41. g5
{[%clk 0:30:43]} Rd6 {[%clk 0:33:34]} 42. Rb2 {[%clk 0:25:18]} d2
{[%clk 0:33:26]} 43. Kg3 {[%clk 0:25:40]} Kh7 {[%clk 0:33:43]} 0-1

[Event "Team men HL 2016"]
[Site "Sochi"]
[Date "2016.05.02"]
[Round "2.9"]
[White "Tukhaev, Adam"]
[Black "Nozdrachev, Vladislav"]
[Result "0-1"]
[LiveChessVersion "1.4.4"]
[BlackElo "2465"]
[WhiteElo "2536"]

1. e4 {[%clk 1:30:57]} e5 {[%clk 1:30:56]} 2. Nf3 {[%clk 1:31:19]} Nc6
{[%clk 1:31:23]} 3. d4 {[%clk 1:31:36]} exd4 {[%clk 1:31:17]} 4. Nxd4
{[%clk 1:32:00]} Bb4+ {[%clk 1:27:20]} 5. c3 {[%clk 1:32:00]} Be7
{[%clk 1:27:45]} 6. Nf5 {[%clk 1:22:34]} Bf6 {[%clk 1:25:40]} 7. Ne3
{[%clk 1:18:52]} Nge7 {[%clk 1:22:18]} 8. f4 {[%clk 1:15:36]} Ng6
{[%clk 1:15:30]} 9. Nd5 {[%clk 1:11:27]} O-O {[%clk 1:14:44]} 10. Bd3
{[%clk 1:11:07]} Bh4+ {[%clk 1:05:39]} 11. g3 {[%clk 1:11:21]} Nce7
{[%clk 1:05:59]} 12. gxh4 {[%clk 0:48:47]} Nxd5 {[%clk 1:06:22]} 13. O-O
{[%clk 0:49:12]} Nb6 {[%clk 1:00:29]} 14. h5 {[%clk 0:48:52]} Ne7
{[%clk 0:59:02]} 15. h6 {[%clk 0:49:04]} d5 {[%clk 0:59:17]} 16. hxg7
{[%clk 0:44:17]} Re8 {[%clk 0:59:37]} 17. Nd2 {[%clk 0:40:43]} dxe4
{[%clk 0:49:18]} 18. Nxe4 {[%clk 0:41:01]} Nf5 {[%clk 0:49:40]} 19. Re1
{[%clk 0:18:41]} Re6 {[%clk 0:44:47]} 20. Be3 {[%clk 0:07:21]} Rg6+
{[%clk 0:34:49]} 21. Ng3 {[%clk 0:07:02]} Nd5 {[%clk 0:32:28]} 22. Bxf5
{[%clk 0:04:51]} Bxf5 {[%clk 0:32:53]} 23. Qd4 {[%clk 0:04:25]} c6
{[%clk 0:27:24]} 24. Bf2 {[%clk 0:04:32]} Qh4 {[%clk 0:26:45]} 25. Re5
{[%clk 0:02:35]} Nxf4 {[%clk 0:26:46]} 26. Rae1 {[%clk 0:03:02]} Be6
{[%clk 0:26:05]} 27. R5e4 {[%clk 0:01:10]} Rg4 {[%clk 0:25:27]} 28. b3
{[%clk 0:00:33]} Rd8 {[%clk 0:25:29]} 29. Rxf4 {[%clk 0:00:38]} Rxf4
{[%clk 0:25:50]} 30. Qe3 {[%clk 0:00:33]} Rg4 {[%clk 0:24:19]} 31. Qxa7
{[%clk 0:00:00]} 0-1